logo

Bir Sreshtho Munshi Abdur Rouf Library
Jhenaidah Cadet College

বাংলাদেশের মৌলবাদী / (Record no. 1200)

MARC details
000 -LEADER
fixed length control field 00701nam a22002297a 4500
001 - CONTROL NUMBER
JCCL Control Number 1200
003 - CONTROL NUMBER IDENTIFIER
JCCL marc code BD-JhCC
005 - DATE AND TIME OF LATEST TRANSACTION
control field 20171016201706.0
008 - FIXED-LENGTH DATA ELEMENTS--GENERAL INFORMATION
fixed length control field 171016s1999 bg |||| ||a| 00| 0 ben d
020 ## - INTERNATIONAL STANDARD BOOK NUMBER
International Standard Book Number 9844015391
035 ## - SYSTEM CONTROL NUMBER
system control number (BD-JhCC)1200
040 ## - CATALOGING SOURCE
Original cataloging agency BD-JhCC
Modifying agency BD-JhCC
041 ## - LANGUAGE CODE
Language code of Book ben
082 ## - DEWEY DECIMAL CLASSIFICATION NUMBER
Classification number 826.92
Author mark and Year ALI 1999
100 ## - MAIN ENTRY--PERSONAL NAME
Personal name আলী, সৈয়দ মোদাচ্ছের
245 ## - TITLE STATEMENT
Title বাংলাদেশের মৌলবাদী /
Statement of responsibility, etc সৈয়দ মোদাচ্ছের আলী
260 ## - PUBLICATION, DISTRIBUTION, ETC. (IMPRINT)
Place of publication, distribution, etc ঢাকা :
Name of publisher, distributor, etc আগামী প্রকাশনী,
Date of publication, distribution, etc 1999
300 ## - PHYSICAL DESCRIPTION
Pagination 48 p. :
Dimensions 21 cm.
650 ## - SUBJECT ADDED ENTRY--TOPICAL TERM
Topical term or geographic name as entry element Fundamentalist
942 ## - ADDED ENTRY ELEMENTS (KOHA)
Source of classification or shelving scheme Dewey Decimal Classification
Koha item type Books
Holdings
Source of classification or shelving scheme Damaged status Not for loan Home library Current library Date of accession Source of acquisition Cost, normal purchase price Total Checkouts Full call number Barcode Date last seen Copy number Koha item type
Dewey Decimal Classification     JCC Rouf Library JCC Rouf Library 10/16/2017 Jahedee Foundation 40.00   826.92 ALI 1999 2153 10/16/2017 C-1 Books

JCC Library | Contacts | JCC Home

Last Update on 23 September 2017
Copyright @ 2017-2020 JCC Rouf Library
Rouf Library, Jhenidah Cadet College (JCC), Bangladesh